|
|
|
|
| LEADER |
01517nam a2200361 a 4500 |
| 001 |
000561499 |
| 003 |
CZ BrMZK |
| 005 |
20090715105705.0 |
| 007 |
ta |
| 008 |
010907s2001 xr e p cze d |
| 015 |
|
|
|a cnb000888554
|
| 020 |
|
|
|a 80-214-1573-8
|
| 035 |
|
|
|a (OCoLC)85010220
|
| 040 |
|
|
|a BOA001
|b cze
|
| 072 |
|
7 |
|a 621.3
|x Elektrotechnika
|2 Konspekt
|9 19
|
| 072 |
|
7 |
|a 37.016
|x Učební osnovy. Vyučovací předměty. Učebnice
|2 Konspekt
|9 22
|
| 080 |
|
|
|a 621.37-021.29
|2 MRF
|
| 080 |
|
|
|a (075.8)
|2 MRF
|
| 100 |
1 |
|
|a Svačina, Jiří,
|d 1948-
|7 jn20000710620
|
| 245 |
1 |
0 |
|a Základy elektromagnetické kompatibility :
|b přednášky /
|c Jiří Svačina
|
| 250 |
|
|
|a Vyd. 1.
|
| 260 |
|
|
|a Brno :
|b Vysoké učení technické,
|c 2001
|
| 300 |
|
|
|a ii, 155 s. :
|b il. ;
|c 29 cm
|
| 500 |
|
|
|a Bibliogr.
|
| 650 |
0 |
7 |
|a elektromagnetická kompatibilita
|7 ph119880
|2 czenas
|
| 655 |
|
7 |
|a učebnice vysokých škol
|7 fd133772
|2 czenas
|
| 710 |
2 |
|
|a Vysoké učení technické v Brně.
|b Ústav radioelektroniky
|7 kn20010709197
|
| 910 |
|
|
|a BOA001
|b 4-1085.463
|
| 990 |
|
|
|a BK
|
| 996 |
6 |
|
|b 2610134875
|c 4-1085.463
|l MZK
|r Sklad / do 1 hodiny
|n 0
|p p.v.
|w 000561499
|u 000010
|a 1
|e BOA001
|j MZK50
|s P
|
| 996 |
7 |
|
|b 2610156167
|c 4-1085.463
|l MZK
|r Sklad / do 1 hodiny
|n 2
|p kup
|w 000561499
|u 000020
|a 1
|e BOA001
|j MZK50
|s A
|
| 996 |
7 |
|
|b 2610156168
|c 4-1085.463
|l MZK
|r Sklad / do 1 hodiny
|n 2
|p kup
|w 000561499
|u 000030
|a 1
|e BOA001
|j MZK50
|s A
|
| 996 |
7 |
|
|b 2610156169
|c 4-1085.463
|l MZK
|r Sklad / do 1 hodiny
|n 2
|p kup
|w 000561499
|u 000040
|a 1
|e BOA001
|j MZK50
|s A
|